| 000 | 00639nam a2200217Ia 4500 | ||
|---|---|---|---|
| 008 | 100315s9999 xx 000 0 und d | ||
| 020 | _a0-87692-116-C | ||
| 082 |
_b1768 _a338.7 |
||
| 100 | _a"Deans, Joel " | ||
| 245 | _aManagerial Economics | ||
| 260 |
_aNew Delhi _bPrentice Hall of india _c1982 |
||
| 300 | _a"XIV,621P " | ||
| 365 |
_eRupees _d1 _b35.00 |
||
| 366 | _f0 | ||
| 505 | _gTushar Jadhav | ||
| 530 | _b- | ||
| 620 | _a"Nature of Profits, Profit Measurement,Policies on Profit,Profits for Control " | ||
| 630 | _aManagerial Economics | ||
| 730 | _aManagerial Economics | ||
| 942 | _cBOOK | ||
| 999 |
_c476503 _d476500 |
||